النشرة السنوية لإحصاء النشاط الرياضي فى المنشأت الرياضية عام 2017./

تنتهج الدولة خطة طموحة للنهوض بمستوى الفرد المصرى وإعداد أجيال سليمة من النواحى الجسمانية والخلقية والفكرية، لذا تهتم بالتكوين السليم للشباب واستغلال أوقات فراغهم بما يعود عليهم بكل فائدة، ذلك بتوفير الأندية الرياضية ومراكز الشباب فى كافة المدن والقرى بمحافظات الجمهورية....

全面介绍

Saved in:
书目详细资料
主要作者: الجهاز المركزى للتعبئة العامة والإحصاء
格式: 图书
语言:阿拉伯语
出版: القاهرة : الجهاز المركزى للتعبئة العامة والإحصاء. 2019
主题:
标签: 添加标签
没有标签, 成为第一个标记此记录!

MARC

LEADER 00000nam a22000007a 4500
003 INP
005 20220404113422.0
008 180304buuuuuuuuua j|||f |||| 00| 0 ara d
952 |0 0  |1 0  |4 0  |6 613_700000000000000_ن_ش_2017  |7 0  |9 21579  |a INP  |b INP  |c JOUR  |d 2022-04-04  |l 0  |o 613.7 ن ش 2017  |p 022643  |r 2022-04-04 00:00:00  |w 2022-04-04  |y PUB 
999 |c 17450  |d 17450 
017 |a 2014/18809 
040 |a EG-INP  |b ara  |c EG-INP 
082 0 4 |2 21  |a 613.7  |b ن ش 2017 
100 |a الجهاز المركزى للتعبئة العامة والإحصاء 
245 0 2 |a النشرة السنوية لإحصاء النشاط الرياضي فى المنشأت الرياضية عام 2017./  |c الجهاز امركزى للتعبئة العامة والإحصاء 
246 |a Annual Bulletin of Sport Activities in Sportive Establishments 2017 
260 |a القاهرة :  |b الجهاز المركزى للتعبئة العامة والإحصاء.  |c 2019 
300 |a مج. ؛  |c 24 سم.  |b أبيض 
310 |a سنوى. 
500 |a مرجع رقم 71-12421-2017 
500 |a يبنى الوصف على 2017 
500 |a إصدار يوليو 2019 
520 |a تنتهج الدولة خطة طموحة للنهوض بمستوى الفرد المصرى وإعداد أجيال سليمة من النواحى الجسمانية والخلقية والفكرية، لذا تهتم بالتكوين السليم للشباب واستغلال أوقات فراغهم بما يعود عليهم بكل فائدة، ذلك بتوفير الأندية الرياضية ومراكز الشباب فى كافة المدن والقرى بمحافظات الجمهورية. 
650 7 |2 qrmak  |a إختبارات الياقة البدنية. 
650 7 |2 qrmak  |a النشاط الرياضى. 
650 7 |2 qrmak  |a التدريب الرياضى. 
650 7 |2 qrmak  |a الإحصائيات. 
650 7 |2 qrmak  |a التربية البدنية. 
650 7 |2 qrmak  |a الرياضة البدنية. 
901 |a INP 
902 |a egpv34 
903 |a original 
942 |2 ddc  |c PUB